[Event "Open"]
[Site "Albena BUL"]
[Date "2009.06.20"]
[Round "1"]
[White "Iotov,V"]
[Black "Gochev,M"]
[Result "1-0"]
[WhiteElo "2581"]
[BlackElo "2238"]

1.d4 d5 2.Nf3 Nf6 3.c4 e6 4.Nc3 c6 5.e3 Nbd7 6.Bd3 dxc4 7.Bxc4 b5 8.Bd3 Bb7
9.e4 a6 10.e5 Nd5 11.Nxd5 cxd5 12.Ng5 Bb4+ 13.Kf1 g6 14.h4 Be7 15.Qf3 Bxg5
16.Bxg5 Qb6 17.Be3 h5 18.Rc1 Rc8 19.Rxc8+ Bxc8 20.Ke2 Bb7 21.Rc1 a5 22.Ke1 b4
23.Qe2 O-O 24.g4 hxg4 25.Qxg4 Ba6 26.Bxg6 fxg6 27.Qxg6+ Kh8 28.Qh5+ Kg8 29.Bh6 Bd3
30.Qg5+ Kf7 31.Qg7+ Ke8 32.Rc8+ Qd8 33.Bg5  1-0

[Event "zt 2.3"]
[Site "San Jose CRC"]
[Date "2009.06.20"]
[Round "3"]
[White "Bruzon Batista,L"]
[Black "Gonzalez,Be CRC"]
[Result "1-0"]
[WhiteElo "2617"]
[BlackElo "2440"]

1.Nf3 d5 2.c4 c6 3.e3 Nf6 4.Nc3 e6 5.d4 Nbd7 6.Qc2 Be7 7.Bd3 dxc4 8.Bxc4 b5
9.Bd3 Bb7 10.e4 a6 11.e5 Nd5 12.Nxd5 cxd5 13.O-O Nb8 14.Be3 Nc6 15.Qe2 Qb6
16.Rac1 Nb4 17.Bb1 a5 18.Ng5 Nc6 19.Qg4 b4 20.Nxh7 g6 21.Bxg6 fxg6 22.Qxe6 Qd8
23.Nf6+  1-0

[Event "Open"]
[Site "Teplice CZE"]
[Date "2009.06.20"]
[Round "8"]
[White "Horak,Ji1"]
[Black "Olsarova,T"]
[Result "0-1"]
[WhiteElo "2261"]
[BlackElo "2106"]

1.d4 d5 2.c4 c6 3.e3 Nf6 4.Nc3 e6 5.Nf3 Nbd7 6.Bd3 dxc4 7.Bxc4 b5 8.Be2 Bb7
9.O-O Be7 10.b3 O-O 11.Bb2 b4 12.Na4 c5 13.Rc1 Rc8 14.dxc5 Ne4 15.Qd4 Bf6
16.Qxb4 Bxb2 17.Nxb2 Ndxc5 18.Rfd1 Qe7 19.Nd3 Ba6 20.Nf4 Bxe2 21.Nxe2 Nxf2
22.Rd4 e5 23.Rd5 e4 24.Ne5 Nfd3 25.Nxd3 exd3 26.Rxd3 a5 27.Qa3 Qe4 28.Rdc3 Nd3
29.h3 Qxe3+ 30.Kh1 Rxc3 31.Rxc3 Qxe2 32.Qxa5 Nf2+ 33.Kh2 Qe1 34.Qb4 Re8 35.Qb5 Qh1+
36.Kg3 Ne4+ 37.Kf4 Qh2+ 38.Ke3 Qg3+  0-1

[Event "VI Moncada Elite"]
[Site "Santiago de Cuba CUB"]
[Date "2009.06.21"]
[Round "7"]
[White "Real de Azua,E"]
[Black "Rasmussen,Kar"]
[Result "1/2-1/2"]
[WhiteElo "2445"]
[BlackElo "2447"]

1.d4 d5 2.c4 c6 3.Nc3 Nf6 4.e3 e6 5.Nf3 Nbd7 6.Qc2 Bd6 7.b3 O-O 8.Be2 e5
9.cxd5 cxd5 10.Nb5 Bb4+ 11.Bd2 Bxd2+ 12.Nxd2 exd4 13.Nxd4 Ne5 14.h3 Bd7 15.O-O Rc8
16.Qb2 Ne4 17.Rac1 Qf6 18.N2f3 Nxf3+ 19.Bxf3 Ng5 20.Bxd5 Nxh3+ 21.gxh3 Bxh3
22.f4 Bxf1 23.Rxf1 Rfe8 24.e4 Qg6+ 25.Qg2 Qb6 26.Qf2 Qg6+ 27.Qg2 Qb6 28.Qf2  1/2-1/2

[Event "Open"]
[Site "Albena BUL"]
[Date "2009.06.23"]
[Round "4"]
[White "Gochev,M"]
[Black "Popov,P"]
[Result "1/2-1/2"]
[WhiteElo "2238"]
[BlackElo "2254"]

1.c4 e6 2.Nc3 d5 3.d4 c6 4.e3 Nf6 5.Nf3 Nbd7 6.Bd3 dxc4 7.Bxc4 b5 8.Bd3 Bb7
9.O-O h6 10.Qe2 a6 11.b3 c5 12.Bb2 Be7 13.Rad1 Qc7 14.Rc1 Qb6 15.Rfd1 Bc6
16.Ne5 Nxe5 17.dxe5 Nd7 18.Ne4 Bxe4 19.Bxe4 Rd8 20.Qg4 O-O 21.Bb1 Rfe8 22.Rd3 Nf8
23.Rcd1 Rxd3 24.Rxd3 Rc8 25.Rd1 c4 26.Bd4 Qa5 27.bxc4 bxc4 28.Qe2 Ba3 29.g3 c3
30.Bc2 Bb2 31.a4 Ng6 32.Qd3 Rd8 33.Bxc3 Rxd3 34.Bxa5 Rxd1+ 35.Bxd1 Nxe5 36.Be2 Nc6
37.Bc7 Nb4 38.Ba5 Nc6 39.Bb6 Nb4 40.Bc5 Bc3 41.Bxb4 Bxb4 42.Bxa6 Kf8 43.f3 Ke7
44.Kf2 g5 45.f4 f6 46.fxg5 hxg5 47.Bc8 f5 48.h3 Kf6 49.Kf3 Ke5 50.g4 Ba5
51.Bb7 Bb4 52.gxf5 exf5 53.e4 fxe4+ 54.Bxe4 Kf6 55.Bb7 Ke5 56.Ke3 Kd6 57.Ke4 Kc7
58.Bd5 Kb6  1/2-1/2

[Event "4th Polonia Wroclaw Open A"]
[Site "Warsaw POL"]
[Date "2009.06.24"]
[Round "7"]
[White "Bobula,M"]
[Black "Scibior,A"]
[Result "1/2-1/2"]
[WhiteElo "2389"]
[BlackElo "2222"]

1.d4 d5 2.c4 e6 3.Nc3 c6 4.e3 Nf6 5.Nf3 Nbd7 6.Bd3 dxc4 7.Bxc4 b5 8.Bd3 Bb7
9.a3 a6 10.b4 Bd6 11.O-O O-O 12.Ne4 Nxe4 13.Bxe4 a5 14.Bd2 axb4 15.axb4 Qe7
16.Rb1 h6 17.Bc2 e5 18.dxe5 Nxe5 19.Nd4 Rfd8 20.Bc3 c5 21.bxc5 Bxc5 22.Qh5 Bxd4
23.Bxd4 Nc4 24.Qxb5 Ba6 25.Qf5 g6 26.Qf4 Nd2 27.Bf6 Qd6 28.Rfd1 Qxf4 29.exf4 Nxb1
30.Rxd8+ Rxd8 31.Bxd8 Nc3 32.g3 Ne2+ 33.Kg2 Bb7+ 34.f3 Bxf3+ 35.Kxf3 Nd4+
36.Ke4 Nxc2 37.Be7 Na1 38.Bc5 Nb3 39.Bb6 Nd2+ 40.Kd3 Nf3 41.h3 g5 42.Ke2 g4
43.hxg4 Nh2 44.g5 hxg5 45.fxg5 Kg7 46.Bg1 Ng4 47.Kf3 Ne5+ 48.Kf4 Nc6 49.Kf5 Ne7+
50.Kg4 Kg6 51.Bd4 Nf5 52.Bf6 Ne3+ 53.Kf3 Nf5 54.Kf4 Nd6 55.Ke5 Ne8 56.Be7  1/2-1/2

[Event "Open"]
[Site "Albena BUL"]
[Date "2009.06.25"]
[Round "6"]
[White "Kopasov,A"]
[Black "Georgiev,Vl"]
[Result "0-1"]
[WhiteElo "2190"]
[BlackElo "2539"]

1.d4 d5 2.c4 e6 3.Nc3 c6 4.e3 Nf6 5.Nf3 a6 6.c5 Nbd7 7.b4 g6 8.Bd3 Bg7 9.O-O O-O
10.Na4 Rb8 11.Bb2 e5 12.dxe5 Ng4 13.e6 fxe6 14.Bxg7 Kxg7 15.Nd4 Ndf6 16.h3 e5
17.hxg4 exd4 18.exd4 Nxg4 19.Be2 h5 20.Qb3 Qf6 21.Rad1 Bf5 22.Nb2 Rbe8 23.Bxg4 hxg4
24.Qg3 Re4 25.Qc7+ Rf7 26.Qd6 Re6 27.Qg3 Re2 28.Nd3 Bxd3 29.Rxd3 Rxa2 30.Qxg4 Rxf2
31.Rf3 Rxf3 32.Rxf3 Qe7 33.Kf2 Rf6 34.Rxf6 Qxf6+ 35.Ke3 g5 36.Qd7+ Kg6 37.g3 Qf1
38.Qxb7 Qe1+ 39.Kf3 Qe4+ 40.Kf2 Qxd4+ 41.Kg2 Qe4+ 42.Kf2 d4 43.Qxa6 d3 44.Qa2 Qd4+
45.Kf1 Qe4 46.Kf2 Qd4+ 47.Kf1 Kf5 48.Qf2+ Ke5 49.b5 Qxf2+ 50.Kxf2 cxb5  0-1

[Event "FRA-ARM Rapid"]
[Site "Paris FRA"]
[Date "2009.06.25"]
[Round "7"]
[White "Fressinet,L"]
[Black "Akopian,Vl"]
[Result "1-0"]
[WhiteElo "2664"]
[BlackElo "2696"]

1.d4 d5 2.c4 c6 3.Nc3 Nf6 4.e3 e6 5.Nf3 a6 6.c5 Nbd7 7.b4 b6 8.Bb2 a5 9.a3 Be7
10.Bd3 O-O 11.O-O Qc7 12.Qe2 Bb7 13.Na4 axb4 14.axb4 bxc5 15.Nxc5 Bxc5 16.bxc5 Ne4
17.Qc2 f5 18.Rfb1 h6 19.h3 Rfb8 20.Bc3 Qc8 21.Be1 Ba6 22.Rxb8 Nxb8 23.Qa2 Bb7
24.Qb2 Nd7 25.Ra3 Kf8 26.Qa1 Rxa3 27.Qxa3 Ke7 28.Qa7 Qb8 29.Qxb8 Nxb8 30.Ba5 Nf6
31.Bc7 Ba6 32.Bxf5 exf5 33.Bxb8 Ne4 34.Ne5 Bb5 35.g4 Ke6 36.Kg2 g5 37.Bc7 Nf6
38.Bd6 h5 39.gxh5 Nxh5 40.Nf3 g4 41.hxg4 fxg4 42.Nh2 Kf5 43.Be5 Be2 44.Nf1 Bf3+
45.Kg1 Be2 46.Nd2 Bd1 47.Kf1 Ba4 48.Ke1 Bc2 49.Ke2 Ke6 50.Nf1 Kf5 51.Kd2 Ba4
52.Kc3 Bb5 53.Nd2 Be2 54.Kb4 Bd1 55.Ka5 Ke6 56.Kb6 Kd7 57.e4 dxe4 58.Nxe4 Bf3
59.Nc3 Ke6 60.Na2 Kd5 61.Nb4+ Kc4 62.Nxc6 Kd3 63.Ne7 Ke2 64.c6 Bxc6 65.Kxc6 Kxf2
66.Nf5 Kf3 67.Kd5 Nf4+ 68.Bxf4  1-0

[Event "FRA-ARM Rapid"]
[Site "Paris FRA"]
[Date "2009.06.25"]
[Round "8"]
[White "Fressinet,L"]
[Black "Aronian,L"]
[Result "1-0"]
[WhiteElo "2664"]
[BlackElo "2754"]

1.d4 d5 2.c4 c6 3.Nf3 Nf6 4.Nc3 e6 5.e3 Nbd7 6.Qc2 Bd6 7.Bd3 dxc4 8.Bxc4 O-O
9.O-O a6 10.a4 c5 11.dxc5 Bxc5 12.Ne4 Nxe4 13.Qxe4 Nf6 14.Qh4 Nd5 15.Qh5 b6
16.Bxd5 exd5 17.Rd1 Qf6 18.a5 Be6 19.Bd2 b5 20.Bc3 Qg6 21.Qxg6 hxg6 22.Ne5 Rfc8
23.Nd3 Be7 24.Rac1 Rc4 25.b3 Rcc8 26.Bd4 Ba3 27.Ra1 Be7 28.Rdc1 Rxc1+ 29.Rxc1 Rc8
30.Bc5 Bf6 31.b4 Bf5 32.Rd1 d4 33.exd4 Bxd4 34.Bxd4 Bxd3 35.Bc5 Re8 36.h3 Bc4
37.Rd6 Re6 38.Rd8+ Kh7 39.Ra8 Bd5 40.Ra7 g5 41.Kh2 Rc6 42.Be3 Rg6 43.Bb6 g4
44.h4 g3+ 45.fxg3 Re6 46.Rxf7 Re2 47.Ra7 Rxg2+ 48.Kh3 Rd2 49.Kg4 Be6+ 50.Kf4 Bc8
51.Ke3 Rg2 52.Bc7 Rb2 53.Bd6 Kg6 54.Rxg7+ Kf6 55.Rc7 Bf5 56.Bc5 Rb3+ 57.Kf4 Bb1
58.Rc6+ Kf7 59.Rxa6 Rc3 60.Rb6 Rc4+  1-0

[Event "XVII Open"]
[Site "Montcada i Reixac ESP"]
[Date "2009.06.26"]
[Round "1"]
[White "Moskalenko,V1"]
[Black "Lorente Munoz,R"]
[Result "1-0"]
[WhiteElo "2528"]
[BlackElo "1935"]

1.d4 d5 2.c4 c6 3.Nc3 e6 4.Nf3 Nf6 5.e3 Bd6 6.Bd3 a6 7.b3 b5 8.O-O Nbd7 9.Qc2 Qe7
10.c5 Bc7 11.e4 b4 12.exd5 bxc3 13.d6 Bxd6 14.cxd6 Qxd6 15.Qxc3 Nd5 16.Qa5 Qb4
17.Bd2 Qxa5 18.Bxa5 c5 19.Rfc1 cxd4 20.Nxd4 N7f6 21.Nc6 O-O 22.f3 Bb7 23.Bd2 Rfc8
24.Na5 Rxc1+ 25.Rxc1 Bc8 26.Kf2 Bd7 27.a4 Ne8 28.Nb7 h6 29.Nc5 Bc8 30.b4 Rb8
31.Bxa6 Nec7 32.Bxc8 Rxc8 33.Na6 Kf8 34.b5 Ke8 35.b6 Nxb6 36.Nxc7+ Kd7 37.a5  1-0

[Event "CIQ"]
[Site "Montreal CAN"]
[Date "2009.06.26"]
[Round "8"]
[White "Hua,L"]
[Black "Leveille,F"]
[Result "1/2-1/2"]
[WhiteElo "2283"]
[BlackElo "2261"]

1.d4 d5 2.c4 e6 3.Nc3 c6 4.e3 Nf6 5.Nf3 Nbd7 6.Qc2 Bd6 7.b3 O-O 8.Be2 Qe7
9.O-O Re8 10.Bb2 dxc4 11.Bxc4 b5 12.Bd3 Bb7 13.Ne4 Nxe4 14.Bxe4  1/2-1/2

[Event "Petr Izmailov Mem"]
[Site "Tomsk RUS"]
[Date "2009.06.26"]
[Round "3"]
[White "Kuznetsov,E"]
[Black "Aitbayev,A"]
[Result "0-1"]
[WhiteElo "2159"]
[BlackElo "2387"]

1.d4 d5 2.Nf3 Nf6 3.c4 c6 4.e3 e6 5.Nc3 Nbd7 6.Qc2 Bd6 7.g4 h6 8.Rg1 b5 9.cxb5 c5
10.h4 Bb7 11.g5 Ne4 12.Bd3 cxd4 13.Nxd4 Ndc5 14.Nxe4 dxe4 15.Bc4 Rc8 16.Qe2 hxg5
17.hxg5 g6 18.Bd2 Rh5 19.Bc3 Na4 20.Nc6 Bxc6 21.bxc6 Nxc3 22.bxc3 Rxg5 23.Rxg5 Qxg5
24.Bb5 Ke7 25.Qc4 Qf5 26.Rd1 Rh8 27.Qd4 Be5 28.Qc5+ Kf6 29.Bf1 Rh2 30.Rd2 Rh1
31.Rd7 Qh3 32.Qc4 Rxf1+  0-1

[Event "Open"]
[Site "Albena BUL"]
[Date "2009.06.27"]
[Round "8"]
[White "Chatalbashev,B"]
[Black "Mitkov,M"]
[Result "1-0"]
[WhiteElo "2571"]
[BlackElo "2382"]

1.d4 d5 2.c4 c6 3.Nf3 Nf6 4.Nc3 e6 5.e3 Nbd7 6.Bd3 dxc4 7.Bxc4 b5 8.Bd3 Bd6
9.O-O O-O 10.e4 e5 11.Ne2 a6 12.Bg5 c5 13.d5 c4 14.Bc2 Nc5 15.Ng3 h6 16.Be3 Re8
17.h3 a5 18.Nh2 b4 19.Rc1 b3 20.axb3 cxb3 21.Bxc5 Bxc5 22.Bxb3 Bd4 23.Ba4 Bxb2
24.Bxe8 Qxe8 25.Rc2 Rb8 26.Qd2 Ba3 27.Qxa5 Bb4 28.Qc7 Bd7 29.Qa7 Ra8 30.Qe3 Kh7
31.Rb1 Ra3 32.Qb6 Ba5 33.Qc5 Ra4 34.Nf3 h5 35.d6 Kh6 36.Qxe5 Qxe5 37.Nxe5 Be6
38.Nc6 h4 39.Nf5+ Kg6 40.Nxh4+ Kh7 41.Nxa5 Rxa5 42.Re1 g5 43.Nf3 g4 44.hxg4 Bxg4
45.Nd4 Kg6 46.Nc6 Rh5 47.f4 Nd7 48.Kf2 Rb5 49.Kg3 Bh5 50.Kh4 Nf6 51.Ne5+  1-0

[Event "Open"]
[Site "Albena BUL"]
[Date "2009.06.27"]
[Round "8"]
[White "Radulski,J"]
[Black "Georgiev,Vl"]
[Result "0-1"]
[WhiteElo "2560"]
[BlackElo "2539"]

1.d4 d5 2.c4 c6 3.Nf3 Nf6 4.Nc3 e6 5.e3 a6 6.c5 Nbd7 7.b4 g6 8.Bb2 Bg7 9.Be2 O-O
10.O-O Qc7 11.Qb3 e5 12.Nxe5 Nxe5 13.dxe5 Qxe5 14.Nb5 Qg5 15.Nd4 Bh3 16.Bf3 Ne4
17.Rad1 h5 18.Kh1 Bg4 19.Qc2 Rfe8 20.Be2 Qh4 21.Kg1 Qg5 22.Kh1 Bxe2 23.Qxe2 h4
24.f4 Qh6 25.Nf3 Nc3 26.Bxc3 Bxc3 27.Rc1 Bf6 28.Qd3 Re4 29.a3 Rae8 30.Rce1 Rc4
31.Rc1 Rxc1 32.Rxc1 Qh5 33.h3 Qf5 34.Qd2 Qe4 35.Re1 Qc4 36.Qf2 Qc3 37.f5 g5
38.Nh2 Be5 39.Nf1 Qxa3 40.e4 Qb2 41.Re2 Qd4 42.Qf3 Bf6 43.exd5 Rxe2 44.Qxe2 cxd5
45.Ne3 Qa1+ 46.Kh2 Qe5+  0-1

[Event "Open"]
[Site "Albena BUL"]
[Date "2009.06.27"]
[Round "8"]
[White "Komarov,Di"]
[Black "Nikolov,Sas"]
[Result "1-0"]
[WhiteElo "2530"]
[BlackElo "2394"]

1.d4 d5 2.c4 e6 3.Nc3 c6 4.e3 Nf6 5.Nf3 Nbd7 6.Bd3 Be7 7.O-O O-O 8.b3 b6
9.Bb2 Bb7 10.Qc2 Qc7 11.Ne5 Rad8 12.f4 g6 13.Rad1 Rfe8 14.Qe2 Bf8 15.Rc1 Qb8
16.Rc2 dxc4 17.Bxc4 c5 18.Nxd7 Nxd7 19.d5 exd5 20.Bxd5 Nf6 21.Bxb7 Qxb7 22.Qf3 Qxf3
23.Rxf3 c4 24.bxc4 Bc5 25.Bc1 Rd3 26.h3 Rc8 27.Kh2 Bb4 28.Nb5 a6 29.Nd4 Ne4
30.Rf1 Bc3 31.Ne2 Rxc4 32.Nxc3 Rdxc3 33.Rxc3 Rxc3 34.Rd1 f6 35.Rd4 f5 36.Bb2 Rxe3
37.Rd7 Re2 38.Be5 Rxa2 39.Rg7+ Kf8 40.Rxh7 b5 41.Rg7 b4 42.Rxg6 a5 43.h4 Nf2
44.h5 Ng4+ 45.Kg3 Nxe5 46.fxe5 Ra1 47.Rb6 Rh1 48.h6 Kf7 49.Kf3 b3 50.Rxb3 Rxh6
51.Kf4 Ra6 52.Kxf5 Ra7 53.e6+ Ke7 54.Rh3 Ra6 55.Rh7+ Kd8 56.Kf6 a4 57.Rh8+ Kc7
58.Kf7 a3 59.e7  1-0

[Event "XVII Open"]
[Site "Montcada i Reixac ESP"]
[Date "2009.06.27"]
[Round "2"]
[White "Almeida Quintana,O"]
[Black "Gardela Batlle,J"]
[Result "1-0"]
[WhiteElo "2521"]
[BlackElo "2231"]

1.d4 d5 2.c4 c6 3.Nf3 e6 4.e3 Nf6 5.Nc3 Nbd7 6.Qc2 Bd6 7.Be2 O-O 8.O-O Qe7
9.Rd1 b6 10.b3 Bb7 11.Bb2 Rac8 12.e4 dxe4 13.Nxe4 Nxe4 14.Qxe4 Ba8 15.c5 bxc5
16.dxc5 Bxc5 17.Rxd7 Qxd7 18.Qe5 Bxf2+ 19.Kxf2 f6 20.Rd1 Qe7 21.Qd6 Kf7 22.Qxe7+ Kxe7
23.Ba3+ c5 24.Rc1 Kd6 25.Nd4 Bd5 26.Ba6  1-0

[Event "CIQ"]
[Site "Montreal CAN"]
[Date "2009.06.27"]
[Round "9"]
[White "Bluvshtein,M"]
[Black "Bhat,V"]
[Result "0-1"]
[WhiteElo "2558"]
[BlackElo "2475"]

1.d4 d5 2.c4 c6 3.Nf3 Nf6 4.Nc3 e6 5.e3 Nbd7 6.Qc2 Bd6 7.Bd3 O-O 8.O-O dxc4
9.Bxc4 b5 10.Be2 Bb7 11.Rd1 Qb8 12.e4 e5 13.dxe5 Nxe5 14.Nd4 Ned7 15.g3 Bc7
16.Be3 Re8 17.Rac1 a6 18.b4 Bd6 19.a3 a5 20.Qb3 axb4 21.axb4 Ne5 22.Bg5 Bf8
23.Nf5 Re6 24.Nd4 Re8 25.f4 Nc4 26.e5 Ra3 27.Qb1 Nd5 28.Nxd5 cxd5 29.Bf3 h6
30.Bh4 Qa7 31.Kh1 Rxf3 32.Nxf3 d4 33.Rf1 Qa3  0-1

[Event "5th Open"]
[Site "Sort ESP"]
[Date "2009.06.27"]
[Round "4"]
[White "Solsona Manonelles,J"]
[Black "Pujari,R"]
[Result "0-1"]
[WhiteElo "1762"]
[BlackElo "2043"]

1.d4 d5 2.c4 e6 3.Nc3 Nf6 4.e3 c6 5.Nf3 Bd6 6.Bd3 Nbd7 7.O-O Qe7 8.c5 Bc7
9.Re1 e5 10.dxe5 Nxe5 11.Nxe5 Qxe5 12.f4 Qe7 13.b4 Ne4 14.Bb2 Bf5 15.Ne2 Bg4
16.Qc2 Bxe2 17.Rxe2 f5 18.Rf1 Qf7 19.Bd4 a6 20.Rf3 Bd8 21.Bxe4 fxe4 22.Rg3 Bf6
23.Qb2 O-O 24.Bxf6 Qxf6 25.Qxf6 Rxf6 26.Rg5 Re6 27.Rd2 h6 28.Rh5 Kh7 29.g4 g6
30.Rh3 Ree8 31.Rg3 Red8 32.Kf2 a5 33.a3 axb4 34.axb4 Ra3 35.Rb2 Rc3 36.Ke2 Ra8
37.h4 Raa3 38.b5 d4 39.bxc6 bxc6 40.Rb7+ Kg8 41.Rb2 Rxe3+ 42.Rxe3 Rxe3+ 43.Kd2 Rd3+
44.Ke2 Rc3 45.Rb4 d3+ 46.Ke3 Rxc5 47.Rxe4 Rd5 48.Kd2 Kf7 49.Rc4 c5 50.Rc3 Rd4
51.Rxc5 Rxf4 52.Rc7+ Kf8 53.Rc8+ Ke7 54.Rh8 Rxg4 55.Rxh6 Rg3 56.Rh7+ Kf6
57.Rd7 Kf5 58.Rd4 Rg4 59.Rxd3 Rxh4 60.Ke2 Rf4 61.Rd8 Kg4 62.Rg8 g5 63.Rg7 Kh4
64.Ke3 Rf6 65.Rh7+ Kg3 66.Rh1 Re6+ 67.Kd2 g4 68.Rh5 Kf3 69.Rf5+ Kg2 70.Rg5 g3
71.Rf5 Kh2 72.Rg5 g2 73.Rh5+ Kg1 74.Rf5 Kh2 75.Rh5+ Kg3 76.Rg5+ Kf3 77.Rf5+ Kg4
78.Rf7 Rg6  0-1

[Event "Open Duras BVK FIDE"]
[Site "Brno CZE"]
[Date "2009.06.28"]
[Round "3"]
[White "Hosek,M"]
[Black "Vesely,Ja"]
[Result "0-1"]
[WhiteElo "2302"]
[BlackElo "2046"]

1.d4 d5 2.c4 c6 3.Nc3 Nf6 4.Nf3 e6 5.e3 Ne4 6.cxd5 exd5 7.a3 Bd6 8.Bd3 f5
9.O-O O-O 10.Qc2 Nd7 11.b4 Qe8 12.b5 Qh5 13.bxc6 Ng5 14.Nh4 Qxh4 15.g3 Nf3+
16.Kg2 Qxh2+ 17.Kxf3 bxc6 18.Bd2 f4 19.exf4 Nf6 20.f5 Ne4 21.Nxe4 Bxf5 22.Ke2 Bxe4
23.Bxe4 Rae8 24.Qxc6 Rxe4+ 25.Kd3 Qh5 26.Be3 Qf5 27.Kd2 Re6 28.Rab1 Bb4+  0-1

[Event "Open"]
[Site "Pula CRO"]
[Date "2009.06.28"]
[Round "2"]
[White "Tomic,Bor"]
[Black "Gergacz,A"]
[Result "0-1"]
[WhiteElo "2104"]
[BlackElo "2323"]

1.d4 Nf6 2.Nf3 d5 3.c4 e6 4.e3 c6 5.Nc3 Nbd7 6.Qc2 Bd6 7.g4 h6 8.Rg1 e5 9.cxd5 cxd5
10.g5 hxg5 11.dxe5 Nxe5 12.Nxe5 Bxe5 13.Rxg5 Qe7 14.Rxg7 Bd7 15.Rg2 Bc6 16.Bb5 Bxc3+  0-1

[Event "GM Dopravni"]
[Site "Brno CZE"]
[Date "2009.06.29"]
[Round "4"]
[White "Beinoras,M"]
[Black "Vymazal,B"]
[Result "1/2-1/2"]
[WhiteElo "2422"]
[BlackElo "2338"]

1.Nf3 Nf6 2.c4 e6 3.Nc3 d5 4.d4 c6 5.e3 Nbd7 6.Qc2 dxc4 7.Bxc4 Bd6 8.O-O Qe7
9.Bb3 O-O 10.Bd2 e5 11.h3 b6 12.Nh4 g6 13.dxe5 Qxe5 14.f4 Qe7 15.Rf3 Kh8
16.Bc4 b5 17.Bd3 Nc5 18.e4 Nxd3 19.Rxd3 Be6 20.Be3 Bc5 21.Qf2 Bxe3 22.Rxe3  1/2-1/2

[Event "World Open"]
[Site "Philadelphia USA"]
[Date "2009.06.29"]
[Round "1"]
[White "Bhat,V"]
[Black "Potkin,V"]
[Result "1/2-1/2"]
[WhiteElo "2475"]
[BlackElo "2621"]

1.d4 d5 2.c4 c6 3.Nc3 Nf6 4.Nf3 e6 5.e3 Nbd7 6.Bd3 dxc4 7.Bxc4 b5 8.Bd3 Bd6
9.O-O O-O 10.b3 a6 11.a4 Bb7 12.Bb2 bxa4 13.Nxa4 c5 14.dxc5 Nxc5 15.Nxc5 Bxc5
16.Qe2 a5 17.Rfd1 Qe7 18.Ng5 g6 19.Bxf6 Qxf6 20.Nxh7 Kxh7 21.Qh5+ Kg7 22.Qxc5 Rfc8
23.Qb5 Bc6 24.Qb6 Bd5 25.Bc4 Bxc4 26.bxc4 Rxc4 27.Rxa5 Rc2 28.Rf1 Rd8 29.Qb5 Rd5
30.Qa4 Rdd2  1/2-1/2

[Event "Petr Izmailov Mem"]
[Site "Tomsk RUS"]
[Date "2009.06.29"]
[Round "6"]
[White "Shkurikhin,I"]
[Black "Bessonov,E"]
[Result "1/2-1/2"]
[WhiteElo "2417"]
[BlackElo "2080"]

1.d4 d5 2.c4 c6 3.Nf3 Nf6 4.Nc3 e6 5.e3 a6 6.Bd2 Bd6 7.c5 Bc7 8.Bd3 Nbd7
9.e4 e5 10.exd5 exd4 11.Qe2+ Kf8 12.Nxd4 Nxc5 13.Bg5 h6 14.Bxf6 Qxf6 15.Nb3 Nxd3+
16.Qxd3 Bf5 17.Qd2 Re8+ 18.Kf1 Bb6 19.Nc1 Bg6 20.h4 Be3 21.Qe1 Bg5 22.Qxe8+ Kxe8
23.hxg5 Qxg5 24.dxc6 bxc6 25.Rh3 Qd2 26.Nb3 Qxb2 27.Rd1 Bf5 28.Re3+ Be6 29.Nc5 Ke7
30.Rd7+ Kf6 31.N3e4+ Kg6 32.Nxe6 fxe6 33.Rg3+ Kh7 34.Ng5+ hxg5 35.Rh3+ Kg6
36.Rxh8 Qb1+ 37.Ke2 Qxa2+ 38.Ke3 Qa3+ 39.Ke4 Qc5 40.Rg8 Qc4+ 41.Ke3 Qf4+
42.Ke2 Qe5+ 43.Kf1 Qa1+ 44.Ke2 Qb2+ 45.Ke3 Qc1+ 46.Ke2 Qb2+ 47.Ke3 Qe5+ 48.Kd2 a5
49.Ra8 Qb5 50.Rda7 Qd5+ 51.Ke2 Qe4+ 52.Kf1 Qd4 53.Kg1 Qd1+ 54.Kh2 c5 55.Rxa5 Qd6+
56.Kg1  1/2-1/2

[Event "Petr Izmailov Mem"]
[Site "Tomsk RUS"]
[Date "2009.06.29"]
[Round "6"]
[White "Gutov,A"]
[Black "Tilicheev,V"]
[Result "0-1"]
[WhiteElo "2459"]
[BlackElo "2309"]

1.d4 d5 2.c4 c6 3.Nc3 Nf6 4.e3 e6 5.Nf3 Nbd7 6.Bd3 dxc4 7.Bxc4 b5 8.Bd3 Bd6
9.Bd2 O-O 10.Ne4 Nxe4 11.Bxe4 Bb7 12.b4 Qe7 13.Rb1 f5 14.Bd3 e5 15.dxe5 Nxe5
16.Nxe5 Bxe5 17.Be2 Rad8 18.Qb3+ Kh8 19.Bc3 c5 20.bxc5 Bxc3+ 21.Qxc3 Qe4
22.Rxb5 Qxg2 23.Rf1 f4 24.Rb4 Bf3 25.Rd4 Bxe2 26.Kxe2 fxe3 27.Rfd1 Qf3+  0-1

[Event "Open"]
[Site "Pula CRO"]
[Date "2009.06.30"]
[Round "5"]
[White "Rukavina,J"]
[Black "Medic,Mir"]
[Result "0-1"]
[WhiteElo "2423"]
[BlackElo "2313"]

1.c4 c6 2.Nf3 d5 3.e3 Nf6 4.Nc3 e6 5.d4 Nbd7 6.Qc2 Bd6 7.b3 O-O 8.Be2 e5
9.cxd5 Nxd5 10.Nxd5 cxd5 11.dxe5 Nxe5 12.Bb2 Bb4+ 13.Kf1 Nxf3 14.Bxf3 Be6
15.Qd3 Be7 16.Ke2 Bf6 17.Bd4 Rc8 18.Rhd1 Bxd4 19.Qxd4 Qa5 20.Rd2 Rc5 21.Rad1 h6
22.Kf1 Qc7 23.h3 a5 24.Kg1 Rc8 25.Bg4 b6 26.Bf3 Ra8 27.Qb2 a4 28.bxa4 Rxa4
29.Bxd5 Bxd5 30.Rxd5 Rxd5 31.Rxd5 Rc4 32.g3 Rc1+ 33.Kg2 Qc4 34.Qb5 Qe4+  0-1

[Event "Petr Izmailov Mem"]
[Site "Tomsk RUS"]
[Date "2009.06.30"]
[Round "7"]
[White "Pakhomov,E"]
[Black "Keosidi,K"]
[Result "1-0"]
[WhiteElo "2353"]
[BlackElo "2387"]

1.d4 d5 2.Nf3 Nf6 3.c4 e6 4.Nc3 c6 5.e3 Nbd7 6.Qc2 Bd6 7.b3 O-O 8.Be2 e5
9.cxd5 Nxd5 10.Nxd5 cxd5 11.dxe5 Nxe5 12.O-O Nxf3+ 13.Bxf3 Qh4 14.g3 Qf6
15.Bxd5 Be5 16.Rb1 Bf5 17.e4 Bh3 18.Qd3 Bxf1 19.Kxf1 Rac8 20.Bd2 Bd4 21.f4 Rc7
22.Re1 Bb6 23.e5 Qd8 24.Bb4 Re8 25.Bd6 Rd7 26.e6 Rxe6 27.Rxe6 fxe6 28.Bxe6+ Kh8
29.Bxd7 Qxd7 30.Qe4 h6 31.Be5 Qd2 32.Qe2 Qd7 33.Kg2 Kg8 34.h4 Qf5 35.h5 Qb1
36.Kh3 Qh1+ 37.Kg4 Qd5 38.Qc4 Qxc4 39.bxc4 Kf7 40.Kf5 Bf2 41.g4 a6 42.a4 Bc5
43.g5 hxg5 44.fxg5 Be3 45.g6+ Kf8 46.Ke6 Bd2 47.Kd7 Bh6 48.Bd6+  1-0

[Event "ZMD Open"]
[Site "Dresden GER"]
[Date "2009.07.01"]
[Round "8"]
[White "Bracker,A"]
[Black "Boyarchenko,M"]
[Result "1/2-1/2"]
[WhiteElo "2214"]
[BlackElo "2028"]

1.d4 d5 2.c4 e6 3.Nc3 c6 4.e3 Nf6 5.Nf3 Nbd7 6.Bd3 dxc4 7.Bxc4 b5 8.Bd3 a6
9.a4 b4 10.Ne4 c5 11.b3 Bb7 12.Nxf6+ Nxf6 13.Bb2 Qa5 14.O-O cxd4 15.Bxd4 Bd6
16.Rc1  1/2-1/2

[Event "Open"]
[Site "Pula CRO"]
[Date "2009.07.01"]
[Round "6"]
[White "Medic,Mir"]
[Black "Doric,D"]
[Result "1/2-1/2"]
[WhiteElo "2313"]
[BlackElo "2468"]

1.d4 d5 2.c4 e6 3.Nc3 c6 4.e3 Nf6 5.Nf3 a6 6.b3 Bb4 7.Bd2 Nbd7 8.Bd3 O-O
9.O-O Bd6 10.Qc2 h6 11.Rad1 Qe7 12.Rfe1 Re8 13.e4 dxc4 14.bxc4 e5 15.d5 Nc5
16.Be2 cxd5 17.Nxd5 Nxd5 18.cxd5 Bd7 19.Rc1 Rec8 20.Qb1 b5 21.Bf1 a5 22.g3 b4
23.Nh4 Na4 24.Nf5 Bxf5 25.exf5 Nc3 26.Bxc3 Rxc3 27.Rxc3 bxc3 28.Qb3 Rc8 29.Rc1 Bb4
30.a3 Bxa3 31.Rxc3 Bc5 32.Ba6 Rd8 33.Bb5 Bd4 34.Rc6 Qd7 35.g4 Qe7 36.Bc4 a4
37.Qf3 e4 38.Qe2 a3 39.d6 Qe5 40.Rc7 e3 41.fxe3 Bxe3+ 42.Kg2 Rxd6 43.Rc8+ Kh7
44.Bxf7 Qb2 45.Bg6+ Rxg6 46.fxg6+ Kxg6 47.Rc2 Qb7+ 48.Qf3 Qxf3+ 49.Kxf3 Bd4
50.Rc6+ Kf7 51.Ra6  1/2-1/2

[Event "World Open"]
[Site "Philadelphia USA"]
[Date "2009.07.02"]
[Round "2"]
[White "Benjamin,Joe"]
[Black "Esserman,M"]
[Result "1/2-1/2"]
[WhiteElo "2583"]
[BlackElo "2391"]

1.d4 d5 2.c4 c6 3.Nc3 e6 4.e3 Nf6 5.Nf3 Nbd7 6.Qc2 Bd6 7.Bd3 dxc4 8.Bxc4 a6
9.O-O O-O 10.Rd1 Qc7 11.Ne4 Nxe4 12.Qxe4 Be7 13.Bd2 b5 14.Bd3 g6 15.Rac1 Bb7
16.Qg4 Rad8 17.b4 e5 18.dxe5 Nxe5 19.Nxe5 Qxe5 20.Bc3 Qg5 21.Qxg5 Bxg5 22.a3 Rfe8
23.Be2 Rxd1+ 24.Rxd1 Rd8 25.Bd4 Be7 26.f4 Kf8 27.Kf2 Ke8 28.Bd3 Ra8 29.Bb6 Bd8
30.Bc5 Be7 31.Bb6 Bd8 32.Bc5 Be7  1/2-1/2

[Event "ch-NOR"]
[Site "Bergen NOR"]
[Date "2009.07.04"]
[Round "1"]
[White "Ostmoe,G"]
[Black "Forsaa,E"]
[Result "1/2-1/2"]
[WhiteElo "2402"]
[BlackElo "2311"]

1.d4 d5 2.c4 c6 3.Nc3 Nf6 4.e3 e6 5.Nf3 Nbd7 6.Bd3 dxc4 7.Bxc4 b5 8.Bd3 a6
9.e4 c5 10.e5 cxd4 11.Nxb5 axb5 12.exf6 gxf6 13.O-O Qb6 14.Qe2 Bb7 15.Bf4 b4
16.Rfd1 Bc5 17.Be4 Ba6 18.Qd2 Rd8 19.Nxd4 Bxd4 20.Qxd4 Qxd4 21.Rxd4 e5 22.Rd6 Nc5
23.Bc6+ Ke7 24.Rxd8 Rxd8 25.Be3 Nd3 26.b3 f5 27.Bf3 Ke6 28.a3 bxa3 29.Rxa3 Rd6
30.h3 Ne1 31.Ra1 Nxf3+ 32.gxf3 f4 33.Bc5 Rc6 34.b4 Be2 35.Ra3 f5 36.Kh2 Kd5
37.Ra7 Rg6 38.Rd7+ Kc4 39.Re7 Bxf3 40.Rxe5 Rg2+ 41.Kh1 Bc6 42.Re7 Rxf2+ 43.Kg1 Rg2+
44.Kf1 f3 45.Rxh7 Be4 46.Bf2 Kxb4 47.h4 Kc3 48.Ke1 Bd3 49.Rc7+ Bc4 50.Re7 Bd3
51.Rc7+ Kb4 52.Rb7+ Kc4 53.Rc7+ Kb5 54.Rc3 Be4 55.Rc7 Rg8 56.Rd7 Kc6 57.Rd1 Bd5
58.Rd3 Re8+ 59.Re3 Ra8 60.Rd3 Ra1+  1/2-1/2

[Event "GM Dopravni"]
[Site "Brno CZE"]
[Date "2009.07.04"]
[Round "9"]
[White "Polak,T"]
[Black "Plat,V"]
[Result "1-0"]
[WhiteElo "2508"]
[BlackElo "2419"]

1.d4 d5 2.c4 c6 3.Nf3 Nf6 4.e3 e6 5.Nc3 a6 6.b3 Nbd7 7.Bb2 Bd6 8.Be2 O-O
9.O-O b5 10.Qc2 Bb7 11.Rad1 Qc7 12.c5 Be7 13.b4 a5 14.a3 axb4 15.axb4 Ra6
16.Bd3 g6 17.h3 Re8 18.Ne5 Nxe5 19.dxe5 Nd7 20.f4 Bf8 21.Ne2 Ra4 22.Qc3 Bg7
23.Bc2 Raa8 24.Qb3 Rad8 25.e4 Nf8 26.Qg3 Qe7 27.Kh1 Nd7 28.h4 Ra8 29.Rd2 Ra2
30.Bb3 Raa8 31.h5 Nf8 32.hxg6 hxg6 33.Qh2 Nd7 34.Qg3 Nf8 35.Qh3 Bc8 36.Nd4 Bd7
37.Nf3 Nh7 38.g3 dxe4 39.Rh2 exf3 40.Qxh7+ Kf8 41.Rxf3 Red8 42.g4 Bc8 43.Rfh3 Qc7
44.Qh4 Ke8 45.Qg3 Ra7 46.Rh7 Bf8 47.Qf3 Qd7 48.R7h3 Rc7 49.Re2 Qe7 50.Kg1 Bb7
51.Bc3 Rcd7 52.Qe4 Ra8 53.Kf1 Rad8 54.Ke1 Ba8 55.Kf2 Bb7 56.f5 gxf5 57.gxf5 Rc7
58.f6 Qd7 59.Qg4  1-0